| 000 | 00471nam a2200169Ia 4500 | ||
|---|---|---|---|
| 005 | 20250923144429.0 | ||
| 008 | 008 250917s9999 xx 000 0 eng d | ||
| 037 | _aTextual | ||
| 040 |
_aDSWL _beng _cDSWL |
||
| 041 |
_aeng _2eng |
||
| 084 |
_aX:75t2:N50, J2.1 _qDSWL |
||
| 245 | 0 |
_aFirst five year plan _cby Planning Commission Govt. of India |
|
| 260 | _c1953 | ||
| 300 | _a263 p. | ||
| 942 |
_cTEXL _hX:75t2:N50, J2.1 |
||
| 999 |
_c1438774 _d1438774 |
||